000 00640nam a2200217Ii 4500
001 14686
003 CO-ViMGA
008 241108s9999||||xx |||||||||||||| ||und||
020 _a9789588200903
040 _aCO-ViMGA
_bspa
_erda
_cCO-ViMGA
041 0 _aspa
082 0 4 _a461.20 A94c
100 1 _aFernando Ávila
_946793
245 1 0 _a¿Cómo escribir con buena ortografía?
264 1 _aBogotá, Colombia : Universidad Sergio Arboleda, 2008
300 _avolumen
336 _atext
_btxt
_2rdacontent
337 _aunmediated
_bn
_2rdamedia
338 _avolume
_bnc
_2rdacarrier
940 _aidficha_siabuc: 14378. -- ficha_no_siabuc:14686
999 _c41363
_d41363